| 000 | 00685nam a22001937a 4500 | ||
|---|---|---|---|
| 005 | 20240530110901.0 | ||
| 008 | 220214s2002 ua g 000 0 ara d | ||
| 040 |
_aEG-CaGPL _cEG-CaGPL |
||
| 082 | 0 | 4 |
_221 _a307.7720964/ _bم س |
| 100 | 1 | _aمحمد نجيب بوطالب | |
| 245 | 1 | 2 |
_aسوسيولوجيا القبيلة فى المغرب العربى/ _cمحمد نجيب بوطالب |
| 250 | _aط. 1 | ||
| 260 |
_aبيروت : _bمركز دراسات الوحدة العربية، _c2002 |
||
| 300 |
_a186ص. ؛ _c24سم |
||
| 650 | 0 | 7 |
_2qrmak _aالقبائل |
| 651 |
_2qrmak _aالمغرب العربى |
||
| 942 |
_2ddc _cBK |
||
| 999 |
_c66139 _d66139 |
||